000 00649nam a2200193Ia 4500
005 20250508151504.0
008 008 250505s9999 xx 000 0 eng d
037 _aBooks to be hide in OPAC
040 _aFEDL
_beng
_cFEDL
041 _aeng
_2eng
084 _a370.193, POL/O
_qFEDL
100 _aPolley John W
_9759262
245 0 _aCommunity action for education : The story of the bronx park community of New York City
260 _aNew York, USA
_bThe Bureau of Publications
_c1953
300 _aix,102p.
700 _a Loretan Joseph O Blitzer Clara F
_9759263
942 _cHB
_h370.193, POL/O
999 _c1330133
_d1330133